LDR 00988naa#a2200217#i#450# 001 RU\INFRA-M\bibl\113884 005 20260430082604.4 011 ## _a2500-0535 100 ## _a20260325b2026####ek#y0rusy0150####ca 101 0# _aENG 102 ## _aRU 200 1# _aCritical level influence on the spectra of secondary gravity waves in the middle and upper atmosphere _eЖурнальная статья 210 1# _aМосква _cОбщество с ограниченной ответственностью «Научно-издательский центр ИНФРА-М» _d2026 215 ## _a8 с. 608 ## _aЖурнальная статья _2local 675 ## _aГравитационные волны. 551.511.31 _zENG 700 #1 _aГаврилов _gНиколай Михайлович 700 #1 _aКшевецкий _gСергей Петрович 700 #1 _aКоваль _gАндрей Владиславович 700 #1 _aКурдяева _gЮлия Андреевна 856 4# _azh-szf.ru _u